APEC Schools

Sound and hearing (Record no. 8103)

000 -LEADER
fixed length control field nam a22 7a 4500
005 - DATE AND TIME OF LATEST TRANSACTION
control field 20190912071158.0
008 - FIXED-LENGTH DATA ELEMENTS--GENERAL INFORMATION
fixed length control field 190912b xxu||||| |||| 00| 0 eng d
020 ## - IDENTIFIER FOR THE MANIFESTATION
Identifier for the Manifestation 0858352699
Binding hard bound
040 ## - CATALOGING SOURCE
Language of Cataloging eng
Transcribing Agency APEC Schools Library
Description Conventions rda
082 ## - DEWEY DECIMAL CLASSIFICATION NUMBER
Classification number C 612.85
Author's Number So724
245 ## - TITLE AND STATEMENT OF RESPONSIBILITY
Preferred Title Proper Sound and hearing
264 ## - PUBLICATION STATEMENT
Place of publication, distribution, etc Kesington, NSW :
Publisher's Name/Parallel Publisher's Name Bay Books,
300 ## - PHYSICAL DESCRIPTION
Extent 42 pages :
Illustrative Content colored illustrations ;
336 ## - RDA CONTENT
Source rdacontent
Content Type text
337 ## - RDA MEDIA
Source rdamedia
Media Type unmediated
338 ## - RDA CARRIER
Source rdacarrier
Carrier Type volume
504 ## - BIBLIOGRAPHY, ETC. NOTE
Bibliography, etc Includes index.
650 ## - ADDED SUBJECT ACCESS POINT - TOPICAL TERM
Topical Term Sound.
650 ## - ADDED SUBJECT ACCESS POINT - TOPICAL TERM
Topical Term Hearing.
942 ## - ADDED ENTRY ELEMENTS (KOHA)
Source of Classification
Koha Item Type Non Fiction
Holdings
Library Site Location Shelving Location Source of Acquisition Full Classification Number Accession Number Koha Item Type
APEC Marikina Heights Library APEC Marikina Heights Library Circulation Donation C 612.85 So724 A08-0000188D Non Fiction

Powered by Koha